LEADER 01117nam0-22003491i-450- 001 990007894230403321 005 20061120122047.0 010 $a9024725372 035 $a000789423 035 $aFED01000789423 035 $a(Aleph)000789423FED01 035 $a000789423 100 $a20040608d1982----km-y0itay50------ba 101 0 $aeng 102 $aNL 105 $ay-------001yy 200 1 $aNew rules for victims of armed conflicts$ecommentary on the two 1977 protocols additional to the Geneva conventions of 1949$fby Michael Bothe, Karl Josef Partsch, Waldemar A. Solf$gwith the collaboration of Martin Eaton 210 $aThe Hague [etc.]$cM. Nijhoff$d1982 215 $aXXI, 746 p.$d25 cm 676 $a341.4$v11 rid.$zita 700 1$aBothe,$bMichael$0228871 701 1$aSolf,$bWaldemar A$0283397 702 1$aEaton,$bMartin 801 0$aIT$bUNINA$gRICA$2UNIMARC 901 $aBK 912 $a990007894230403321 952 $aD 21$bs.i.$fDSI 952 $aDI 5/h-3$b5594$fDEC 959 $aDSI 959 $aDEC 996 $aNew rules for victims of armed conflicts$9668490 997 $aUNINA LEADER 01835nam 2200457 450 001 9910829121803321 005 20231110230730.0 010 $a2-8062-6378-6 035 $a(CKB)3710000000667049 035 $a(MiAaPQ)EBC4889810 035 $a(Au-PeEL)EBL4889810 035 $a(CaPaEBR)ebr11403106 035 $a(OCoLC)993123409 035 $a(PPN)24879390X 035 $a(EXLCZ)993710000000667049 100 $a20220520d2015 uy 0 101 0 $afre 135 $aurcnu|||||||| 181 $ctxt$2rdacontent 182 $cc$2rdamedia 183 $acr$2rdacarrier 200 14$aLes Contemplations de Victor Hugo (Analyse de L'oeuvre) $eResume Complet et Analyse detaillee de L'oeuvre /$fYann Dalle, Pauline Coullet 210 1$aCork, Ireland :$cLemaitre Publishing,$d[2015] 210 4$d©2015 215 $a1 online resource (36 pages) 225 1 $aFiche de Lecture 311 $a2-8062-6379-4 327 $aIntro -- Victor Hugo -- Les Contemplations -- Re?sume? -- « Autrefois » -- « Aujourd'hui » -- E?clairages -- La mort de Le?opoldine -- L'exil politique -- Victor Hugo et la poe?sie avant Les Contemplations -- Le sie?cle du romantisme -- Cle?s de lecture -- Le de?passement du deuil -- La nature, manifestation du divin -- Le ro?le des poe?tes -- La liberte? romantique -- Poe?sie lyrique et modernite? -- Pistes de re?flexion -- Pour aller plus loin. 410 0$aFiche de Lecture 606 $aFrench literature$y19th century 615 0$aFrench literature 676 $a840.8007 700 $aDalle$b Yann$0969261 702 $aCoullet$b Pauline 801 0$bMiAaPQ 801 1$bMiAaPQ 801 2$bMiAaPQ 906 $aBOOK 912 $a9910829121803321 996 $aLes Contemplations de Victor Hugo (Analyse de L'oeuvre)$94099891 997 $aUNINA LEADER 01802oas 2200697 a 450 001 9911015605503321 005 20260218112137.0 011 $a1205-8009 035 $a(DE-599)ZDB2115601-3 035 $a(OCoLC)320934520 035 $a(CONSER) 2010252728 035 $a(CKB)39650256700041 035 $a(DE-599)2115601-3 035 $a(EXLCZ)9939650256700041 100 $a20011018a19969999 uy b 101 0 $afre 135 $aur|nu|||||||| 181 $ctxt$2rdacontent 182 $cc$2rdamedia 183 $acr$2rdacarrier 200 10$aAlte?rite?s $erevue des doctorants en anthropologie du Que?bec 210 $aMontre?al $cDe?partement d'anthropologie, Universite? de Montre?al 300 $aRefereed/Peer-reviewed 606 $aAnthropology$vPeriodicals 606 $aAnthropology 606 $aAnthropology 606 $aAnthropologie 606 $aAnthropologie$vPe?riodiques 606 $aanthropology$2aat 606 $aAnthropology$2fast$3(OCoLC)fst00810196 608 $aPeriodicals.$2fast 615 0$aAnthropology 615 0$aAnthropology. 615 2$aAnthropology. 615 6$aAnthropologie. 615 6$aAnthropologie 615 7$aanthropology. 615 7$aAnthropology. 676 $a301 712 02$aUniversite? de Montre?al.$bDe?partement d'anthropologie. 801 0$bAU@ 801 1$bAU@ 801 2$bOCLCS 801 2$bWAU 801 2$bOCLCQ 801 2$bCUS 801 2$bOCLCQ 801 2$bOCLCF 801 2$bOCLCO 801 2$bOCLCQ 801 2$bLND 801 2$bOCLCQ 801 2$bOCLCO 801 2$bOCLCQ 801 2$bAUD 801 2$bOCLCL 801 2$bUEJ 906 $aJOURNAL 912 $a9911015605503321 996 $aAlterites$9874439 997 $aUNINA